Halálozás
Správa o úmrtí učiteľa rímskokatolíckej školy v Humennom Jozefa (József) Goszányiho. Menovaný 48 rokov pôsobil ako učiteľ menovanej školy. Do dôchodku šiel roku 1904. Pohreb mal v Humennom 22. 04. 1906.
| Médium: | Článok |
|---|---|
| Jazyk: | Hungarian |
| Témy: | |
| Zdroj: |
1. Homonna és Vidéke : Vegyes tartalmu közmüvelődési, szépirodalmi és közgazdasági hetilap 1. Roč. 6, č. 17 (26.04.1906) s. 2 a 3 |
| LEADER | 01006nab#a2200301#ar4500 | ||
|---|---|---|---|
| 001 | 000067521 | ||
| 003 | SVKKK | ||
| 005 | 19990410xxxxxxx. | ||
| 008 | 06 c xo huno | ||
| FMT | |||
| 038 | |a SVKKK | ||
| 040 | |a SVKKK |b slo |e AACR2 | ||
| 041 | 0 | |a hun | |
| 044 | |a xo |c SK | ||
| 080 | |a 393 | ||
| 242 | 1 | 0 | |a Úmrtie |
| 245 | 0 | 0 | |a Halálozás |
| 500 | |a mikrofilm | ||
| 520 | 2 | |a Správa o úmrtí učiteľa rímskokatolíckej školy v Humennom Jozefa (József) Goszányiho. Menovaný 48 rokov pôsobil ako učiteľ menovanej školy. Do dôchodku šiel roku 1904. Pohreb mal v Humennom 22. 04. 1906. | |
| 650 | 0 | 4 | |a úmrtie - Goszányi, Jozef (učiteľ, 1833-1906) - Humenné - pohreb - 22.04.1906 - správy |
| 773 | 0 | |t Homonna és Vidéke : Vegyes tartalmu közmüvelődési, szépirodalmi és közgazdasági hetilap |g Roč. 6, č. 17 (26.04.1906) s. 2 a 3 | |
| 957 | |a Humenné | ||
| 958 | |a DG | ||
| 958 | |a SK | ||
| 974 | |a Ba |d 19990410 | ||
| 992 | |a RBX | ||
| BAS | |||
| 998 | |a RETRO | ||